| 000 | 01001nam a22003251a 4500 | ||
|---|---|---|---|
| 001 | 000121051 | ||
| 003 | AR-BaBN | ||
| 005 | 20251002111014.0 | ||
| 007 | ta | ||
| 008 | 050606s1999 ag |||||||||||||| ||spa | ||
| 015 | _aAR-1999 | ||
| 020 | _a9500716623 | ||
| 040 |
_aAR-BaBN _bspa _cAR-BaBN _eaacr |
||
| 044 |
_aag _car-c |
||
| 080 | _a159.9 | ||
| 100 | 1 |
_aAbadi, Mauricio, _d1917-2003 _eautor _4aut |
|
| 245 | 1 | 0 |
_aInvitación al psicoanálisis : _buna propuesta para todos. |
| 260 |
_aBuenos Aires : _bSudamericana, _c1999. |
||
| 300 | _a206 p. | ||
| 650 |
_aPsicologia _9108 |
||
| 700 | 1 | _aAbadi, José Eduardo | |
| 930 | 1 |
_lBNA01 _mLIBRO _600095479 _820110912 _f11 _n001 _o000121051 |
|
| 942 |
_2cdu _cBK |
||
| 956 |
_aGSL _b00 _c20110915 _lBNA01 _h1323 |
||
| 956 |
_aGSL _c20130614 _lBNA01 _h1254 |
||
| 956 |
_aBARTOLOME _b20 _c20170214 _lBNA01 _h1310 |
||
| 956 |
_aCATAU _b20 _c20180730 _lBNA01 _h1048 |
||
| 956 |
_aBATCH-UPD _b20 _c20180730 _lBNA01 _h1048 |
||
| 956 |
_aBATCH-UPD _b20 _c20181101 _lBNA01 _h2313 |
||
| 999 |
_c6304 _d6304 |
||